| 000 | 00691nam a22001937a 4500 | ||
|---|---|---|---|
| 999 |
_c157966 _d157966 |
||
| 005 | 20181011175803.0 | ||
| 010 | _aB-709311 | ||
| 020 |
_a9789350358382 _c695.00 |
||
| 035 | _aB-709311 | ||
| 037 | _bPANSY BOOKS(RP) | ||
| 082 | _a345.54 | ||
| 100 | _aGaud, K.C. | ||
| 245 |
_aText book on Indian Penal Code/ _cby K.D. Gaud |
||
| 250 | _a6th ed. | ||
| 260 |
_aGurgaon _bUniversal Law Publishing( LexisNexis) _c2018 |
||
| 300 |
_acxxxvi,1215p. _c24cm(pbk) |
||
| 942 |
_2ddc _cEN _h345.54 _mGAU |
||